On Piracy and the Future of Media (Record no. 333540)
[ view plain ]
| 000 -LEADER | |
|---|---|
| fixed length control field | 00526nam a2200097Ia 4500 |
| 008 - FIXED-LENGTH DATA ELEMENTS--GENERAL INFORMATION | |
| fixed length control field | 170517s9999 xx 000 0 und d |
| 245 ## - TITLE STATEMENT | |
| Title | On Piracy and the Future of Media |
| 300 ## - PHYSICAL DESCRIPTION | |
| Extent | Each day, millions of youths from Canada and around the world download music and movies off of the Internet. This epidemic of unauthorized downloading has been cited by the record and film industries as being the prime cause for billions in losses. Politicians have... |
| 650 ## - SUBJECT ADDED ENTRY--TOPICAL TERM | |
| General subdivision | Media. |
| 856 ## - ELECTRONIC LOCATION AND ACCESS | |
| Uniform Resource Identifier | <a href="http://topdocumentaryfilms.com/on-piracy/">http://topdocumentaryfilms.com/on-piracy/</a> |
| Withdrawn status | Lost status | Damaged status | Home library | Current library | Date acquired | Total Checkouts | Date last seen | Price effective from | Koha item type |
|---|---|---|---|---|---|---|---|---|---|
| College Library | College Library | 05/17/2017 | 05/17/2017 | 05/17/2017 | Documentary Films |